Fantastic beasts and where to find them / (Record no. 13158)
[ view plain ]
| 000 -LEADER | |
|---|---|
| fixed length control field | 00999pam a2200313 a 4500 |
| 001 - CONTROL NUMBER | |
| JCCL Control Number | 13158 |
| 003 - CONTROL NUMBER IDENTIFIER | |
| JCCL marc code | BD-JhCC |
| 005 - DATE AND TIME OF LATEST TRANSACTION | |
| control field | 20230715103909.0 |
| 008 - FIXED-LENGTH DATA ELEMENTS--GENERAL INFORMATION | |
| fixed length control field | 230623r20172001enka j 000 1 eng d |
| 020 ## - INTERNATIONAL STANDARD BOOK NUMBER | |
| International Standard Book Number | 9781408885260 |
| Terms of availability | £25.00 |
| 035 ## - SYSTEM CONTROL NUMBER | |
| system control number | (BD-JhCC)13158 |
| 040 ## - CATALOGING SOURCE | |
| Original cataloging agency | StDuBDS |
| Description conventions | rda |
| Transcribing agency | StDuBDS |
| Modifying agency | Uk |
| -- | BD-JhCC |
| 041 ## - LANGUAGE CODE | |
| Language code of Book | eng |
| 082 04 - DEWEY DECIMAL CLASSIFICATION NUMBER | |
| Classification number | 823.914 |
| DDC Edition number | 23 |
| Author mark and Year | ROW 2017 |
| 100 1# - MAIN ENTRY--PERSONAL NAME | |
| Personal name | Scamander, Newt, |
| 245 10 - TITLE STATEMENT | |
| Title | Fantastic beasts and where to find them / |
| Statement of responsibility, etc | Newt Scamander, J.K. Rowling. |
| 250 ## - EDITION STATEMENT | |
| Edition statement | New edition / |
| 260 ## - PUBLICATION, DISTRIBUTION, ETC. (IMPRINT) | |
| Place of publication, distribution, etc | London : |
| Name of publisher, distributor, etc | Bloomsbury, |
| Date of publication, distribution, etc | 2017 |
| 300 ## - PHYSICAL DESCRIPTION | |
| Pagination | 133 pages : |
| Other physical details | illustrations (black and white, and colour) ; |
| Dimensions | 30 cm |
| 500 ## - GENERAL NOTE | |
| General note | Originally published: 2001. |
| 500 ## - GENERAL NOTE | |
| General note | Formerly CIP. |
| Institution to which field applies | Uk |
| 650 #0 - SUBJECT ADDED ENTRY--TOPICAL TERM | |
| Topical term or geographic name as entry element | Wizards |
| Form subdivision | Juvenile fiction. |
| 650 #0 - SUBJECT ADDED ENTRY--TOPICAL TERM | |
| Topical term or geographic name as entry element | Animals, Mythical |
| Form subdivision | Juvenile fiction. |
| 655 #0 - | |
| Genre/form data or focus term | Children's stories. |
| 655 #0 - | |
| Genre/form data or focus term | Fantasy fiction. |
| 700 1# - ADDED ENTRY--PERSONAL NAME | |
| Personal name | Rowling, J. K., |
| 700 1# - ADDED ENTRY--PERSONAL NAME | |
| Personal name | Lomenech Gill, Olivia, |
| 942 ## - ADDED ENTRY ELEMENTS (KOHA) | |
| Source of classification or shelving scheme | Dewey Decimal Classification |
| Koha item type | Reference |
| Source of classification or shelving scheme | Damaged status | Not for loan | Home library | Current library | Shelving location | Date of accession | Cost, normal purchase price | Total Checkouts | Full call number | Barcode | Date last seen | Copy number | Method of acquisition | Koha item type | Currency |
|---|---|---|---|---|---|---|---|---|---|---|---|---|---|---|---|
| Dewey Decimal Classification | JCC Rouf Library | JCC Rouf Library | General Stacks | 06/23/2023 | 2600.00 | 823.914 ROW 2017 | 18203 | 07/15/2023 | C-1 | Purchase | Reference | BDT |